000 00569cab a2200217 4500
001 A219
008 090401t1983 xxu||||| |||| 00| 0 eng d
035 _a(Sirsi) u27857
041 _aeng
100 _aRayner, Michael
245 4 _aThe valuation of `no-market` property assets
260 _c1983
350 _a0
490 _aJournal of Valuation
_v1(2) 1983, 136-141(6)
650 _aASSET VALUATION
650 _aDEPRECIATED REPLACEMENT COST
650 _aNO-MARKET PROPERTY ASSETS
690 _aRATING AND VALUATION
942 _n0
948 _c04/03/1997
999 _c18774
_d18774